000 01024nam a22003257a 4500
001 BR2016000542
003 BR-BrBNA
005 20230928104756.0
007 ta
008 230509b bl.||||| |||| 00| 0 por d
040 _aBR-BrBNA
_bpor
_cBiblioteca Nacional de Agricultura
041 _a(Por)
072 _aM01; M12
090 _ M01 BR2016000542
100 1 _aNeves, T.
100 1 _aBugoni, L.
100 1 _aMonteiro, D.S.
100 1 _aEstima, S.C.
110 1 _aNúcleo de Educação e Monitoramento Ambiental, Rio Grande, RS (Brasil)
_97681
245 1 _aMedidas mitigadoras para reduzir a captura incidental de aves marinhas em pescarias com espinhéis no Brasil
_bProjeto Albatroz
260 3 _aRio Grande, RS (Brasil):
_c2008.
300 _a104 p.
500 _a36 ref.; Summaries (Eng, Por); Glossary p. 101-104; 30 illus.; 11 tables
650 _aAVE AQUÁTICA
650 _aCONSERVAÇÃO
650 _aCAPTURA
650 _aPESCA
909 _a202309
_bLucia
_c55
_dLucia Elande
942 _cBK
999 _c81699
_d81699